Las incógnitas del tráfico urbano
Guardat en:
| Autors principals: | , , |
|---|---|
| Format: | Llibre |
| Idioma: | espanyol |
| Publicat: |
Barcelona
Gustavo Gili
1968
|
| Col·lecció: | Ciencia Urbanística
|
| Matèries: | |
| Etiquetes: |
Afegir etiqueta
Sense etiquetes, Sigues el primer a etiquetar aquest registre!
|
MARC
| LEADER | 00000nam a2200000 a 4500 | ||
|---|---|---|---|
| 001 | UCU6478 | ||
| 003 | CL-VaPUC | ||
| 008 | 960621e19680000SP |||||||||||||||||spa|d | ||
| 082 | 0 | 4 | |a 388.4 |b CEC |2 21 |
| 100 | |a Ceccarelli, Paolo |e author |9 620720 | ||
| 700 | 0 | |a Gabrielli, B |e author |9 364687 | |
| 700 | 0 | |a Rozzi, R |e author |9 364688 | |
| 245 | 1 | 4 | |a Las incógnitas del tráfico urbano |
| 300 | |a 382 p | ||
| 942 | |c BK | ||
| 945 | |d 19960621 00:00:00 |a cmena | ||
| 260 | |a Barcelona |b Gustavo Gili |c 1968 | ||
| 650 | 0 | |a Transporte urbano |9 260307 | |
| 650 | 0 | |a Planificación urbana |9 258176 | |
| 650 | 7 | |a SERVICIOS DE TRANSPORTE |2 CL-VaPUC |9 358013 | |
| 650 | 0 | |a Transporte público |9 348060 | |
| 583 | |a last modification |c 19960621 00:00:00 |k Rodrigo Vera | ||
| 490 | 0 | |a Ciencia Urbanística | |
| 999 | |c 249377 |d 249375 | ||
| 952 | |0 0 |1 0 |4 0 |6 388_400000000000000_CEC_1968 |7 0 |8 A |9 266610 |a BIBING |b BIBING |d 2019-11-19 |i 1688162 |o 388.4 CEC 1968 |p 1688162 |r 2025-01-20 |w 2019-11-19 |y BK |k TRA | ||
| 952 | |0 0 |1 0 |4 0 |6 388_400000000000000_CEC_1968 |7 0 |8 A |9 266611 |a BIBING |b BIBING |d 2019-11-19 |i 1691406 |o 388.4 CEC 1968 |p 1691406 |r 2025-01-20 |w 2019-11-19 |y BK |k GEO | ||
| 952 | |0 0 |1 0 |4 0 |6 388_400000000000000_CEC_1968 |7 0 |8 A |9 266612 |a BIBING |b BIBING |d 2019-11-19 |i 1706772 |o 388.4 CEC 1968 |p 1706772 |r 2025-01-20 |w 2019-11-19 |y BK |k TRA | ||